000 01156nam a2200253Ia 4500
999 _c46260
_d46260
001 13094
003 GE_BSU
005 20211026104636.0
008 181216s2014||||ge |||||||||||||| ||geo||
020 _a9789941071294
040 _cGE_BSU
041 _ageo
080 _a631.115.1(075.8) გ-94
100 _aგულბანი, ანა
_912741
245 _aფერმერის სახელმძღვანელო /
_cანა გულბანი, ზვიად ბობოქაშვილი, ვაჟა გოცირიძე ; UNDP, Swiss agency for development and cooperation SDC.
264 _aთბილისი,
_c2014.
300 _a407 გვ.:
_bილ.,
_c30 სმ.
653 _a მინდვრის და ბოსტნეული კულტურების მოვლა და მოყვანა
653 _a მეხილეობა
653 _a მევენახეობა
700 _aბობოქაშვილი, ზვიად
_eავტორი
_912742
700 _aგოცირიძე, ვაჟა
_eავტორი
_912743
942 _cBK
_2udc